ロード中...

മുടിപ്പുരപ്പാട്ട് /

書誌詳細
第一著者: വിഷ്ണുനമ്പൂതിരി, എം. വി
その他の著者: Vishnu Namboothiri, M. V.
フォーマット: Printed Book
言語:English
出版事項: കോഴിക്കോട് : പൂര്‍ണ പബ്ലിക്കേഷന്‍സ്, 2016.
版:1st ed.
主題:
LEADER 00883nam a22002057a 4500
008 160607b xxu||||| |||| 00| 0 eng d
020 |a 9788130017457 
082 |a 781.6207  |b VIS 
100 |a വിഷ്ണുനമ്പൂതിരി, എം. വി. 
240 |a Mudippurappattu 
245 |a മുടിപ്പുരപ്പാട്ട് /  |c എം. വി. വിഷ്ണുനമ്പൂതിരി 
250 |a 1st ed. 
260 |a കോഴിക്കോട് :  |b പൂര്‍ണ പബ്ലിക്കേഷന്‍സ്,  |c 2016. 
300 |a 224p. 
650 |a Folk song 
650 |a Folk arts 
700 |a Vishnu Namboothiri, M. V. 
942 |2 ddc  |c BK 
999 |c 15125  |d 15125 
952 |0 0  |1 0  |2 ddc  |4 0  |6 781_620700000000000_VIS  |7 0  |9 21418  |a MAIN  |b MAIN  |d 2016-06-07  |e Poorna Publications  |g 200.00  |l 2  |o 781.6207 VIS  |p 21409  |r 2017-12-05  |s 2017-12-05  |t 1  |w 2016-06-07  |y BK